000 00643nam a2200241Ia 4500
003 OSt
005 20221007074219.0
006 a|||||r|||| 00| 0
007 ta
008 221006b |||||||| |||| 00| 0 eng d
024 _a26,554
037 _cTextual
040 _aFLL
_cFLL
_beng
041 _2eng
_aeng
082 _aZ73:2:8y7, L1
100 _aRitchie John
_9692703
245 0 _aDecedents' estates and trusts
250 _a4th
260 _aMineola
_bThe Foundation Press, Inc. New York
_c1971
300 _axlii,1-1355p
_ccm.
942 _hZ73:2:8y7, L1
_cTEXL
_2CC
999 _c1151549
_d1151549